000 00547nam a2200193Ia 4500
003 OSt
005 20260127144554.0
008 250729s2007 xx 000 0 und d
040 _cAL
041 _akan
082 _a530 KRIP
100 _aಕೃಷ್ಣಭಟ್ ಅಡ್ಯನಡ್ಕ
_9227967
245 _aಫಿಸಿಕ್ಸ್ ಮತ್ತು ಐನ್ ಸ್ಟೈನ್
260 _aಬೆಂಗಳೂರು
_c2007
300 _a132p
650 _aPhysics
_9227968
700 _aಕೃo Digumurthi
_9227969
942 _2ddc
_cBED
999 _c237836
_d237836